[Event "BCF-ch U08 rapid"]
[Site "Hull"]
[Date "2024.07.26"]
[Round "4"]
[White "Sheikh, Amaan"]
[Black "Thota, Dhruva"]
[Result "1-0"]
[WhiteElo "718"]
[BlackElo "684"]
[PlyCount "123"]
[EventDate "2024.07.26"]
[EventType "swiss (rapid)"]
[EventRounds "9"]
[EventCountry "ENG"]
[SourceTitle "CBM 221 Extra"]
[Source "ChessBase"]
[SourceDate "2024.09.30"]
[SourceVersion "1"]
[SourceVersionDate "2024.09.30"]
[SourceQuality "1"]

1. e4 e5 2. Nf3 Nc6 3. Bc4 h6 4. c3 Nf6 5. d3 Bc5 6. 0-0 Ng4 7. h3 Bxf2+ 8. Rxf2 Nxf2 9. Kxf2 d6 10. d4 exd4 11. cxd4 Be6 12. d5 Nd4 13. Nxd4 Bd7 14. Kg1 c5 15. Nf3 a6 16. a4 b5 17. axb5 Bxb5 18. Bxb5+ axb5 19. Rxa8 Qxa8 20. Bf4 Qb8 21. e5 dxe5 22. Bxe5 Qa7 23. Nc3 c4+ 24. Kh1 b4 25. Nb5 Qa6 26. Nd6+ Kf8 27. Nh4 f6 28. Ng6+ Kg8 29. Nxh8 Kxh8 30. Bg3 c3 31. bxc3 bxc3 32. Nf7+ Kg8 33. Nxh6+ Kh8 34. Nf7+ Kg8 35. Nd6 Qa5 36. Nc4 Qb5 37. Qd4 c2 38. Qd2 Qxc4 39. Bf4 g5 40. d6 gxf4 41. d7 c1R+ 42. Kh2 Qc7 43. d8Q+ Qxd8 44. Qxd8+ Kg7 45. h4 Kg6 46. g4 f5 47. Qg5+ Kf7 48. Qxf4 Rc8 49. Qxf5+ Ke7 50. h5 Rf8 51. Qc5+ Ke8 52. h6 Kf7 53. g5 Kg8 54. Qxf8+ Kxf8 55. g6 Kg8 56. Kg3 Kf8 57. Kf4 Ke7 58. h7 Kf6 59. h8Q+ Kxg6 60. Qf8 Kh5 61. Qg8 Kh4 62. Qg4# 1-0

[Event "BCF-ch U08 rapid"]
[Site "Hull"]
[Date "2024.07.26"]
[Round "3"]
[White "Thota, Dhruva"]
[Black "Munoz, Carlos"]
[Result "1-0"]
[WhiteElo "684"]
[BlackElo "964"]
[PlyCount "101"]
[EventDate "2024.07.26"]
[EventType "swiss (rapid)"]
[EventRounds "9"]
[EventCountry "ENG"]
[SourceTitle "CBM 221 Extra"]
[Source "ChessBase"]
[SourceDate "2024.09.30"]
[SourceVersion "1"]
[SourceVersionDate "2024.09.30"]
[SourceQuality "1"]

1. e4 c6 2. Nf3 d5 3. exd5 cxd5 4. Nc3 Nf6 5. Bb5+ Nc6 6. d3 Bg4 7. Bg5 h6 8. Bxf6 exf6 9. 0-0 Bb4 10. Qe1+ Be6 11. Bxc6+ bxc6 12. a3 Bxc3 13. Qxc3 0-0 14. b4 a5 15. bxa5 Rxa5 16. Nd4 Bg4 17. Nxc6 Qd7 18. Nxa5 d4 19. Qc4 Be6 20. Qb4 f5 21. Nb7 Bd5 22. Nc5 Rc8 23. Qxd4 Qc6 24. Nb3 Bxg2 25. Rfe1 Bh1 26. Kf1 Qg2+ 27. Ke2 Re8+ 28. Kd1 Rxe1+ 29. Kxe1 Qg1+ 30. Kd2 Qg5+ 31. Kc3 Bf3 32. Qa7 Qf4 33. Qa8+ Bxa8 34. Nc5 Qe5+ 35. Kc4 Qd5+ 36. Kb5 Qc6+ 37. Kc4 Qd5+ 38. Kb5 Qb7+ 39. Nxb7 Bxb7 40. Rb1 Bc8 41. Kc5 Be6 42. a4 Bc8 43. a5 f6 44. d4 f4 45. d5 g5 46. f3 g4 47. fxg4 f3 48. d6 f2 49. a6 Bxa6 50. d7 f1Q 51. Kc6 1-0

[Event "BCF-ch U08 blitz"]
[Site "Hull"]
[Date "2024.07.25"]
[Round "9"]
[White "Singh, Amandeep"]
[Black "Thota, Dhruva"]
[Result "1-0"]
[WhiteElo "1546"]
[BlackElo "684"]
[PlyCount "59"]
[EventDate "2024.07.25"]
[EventType "swiss (blitz)"]
[EventRounds "9"]
[EventCountry "ENG"]
[SourceTitle "CBM 221 Extra"]
[Source "ChessBase"]
[SourceDate "2024.09.30"]
[SourceVersion "1"]
[SourceVersionDate "2024.09.30"]
[SourceQuality "1"]

1. e4 e5 2. Nf3 Nc6 3. Bc4 Nf6 4. d3 Bc5 5. 0-0 Ng4 6. Nc3 Nb4 7. a3 Bxf2+ 8. Rxf2 Nxf2 9. Kxf2 Nc6 10. Bg5 f6 11. Bh4 g5 12. Bg3 d6 13. h3 f5 14. exf5 Bxf5 15. Nd5 Kd7 16. Nh2 Kc8 17. Qf3 Qd7 18. Nf6 Qe7 19. Qxf5+ Kb8 20. Nd7+ Kc8 21. Nxe5+ Kb8 22. Nxc6+ bxc6 23. Qe4 Rf8+ 24. Kg1 Kb7 25. Qxe7 Rae8 26. Qxh7 Rh8 27. Qf5 Ref8 28. Qa5 Rh6 29. Ba6+ Kb8 30. Qb4+ 1-0